ORGANIZATIONAL BEHAVIOR (Record no. 9046)
[ view plain ]
| 000 -LEADER | |
|---|---|
| fixed length control field | 00586nam a22001697a 4500 |
| 003 - CONTROL NUMBER IDENTIFIER | |
| control field | SGT |
| 020 ## - INTERNATIONAL STANDARD BOOK NUMBER | |
| International Standard Book Number | 9788131721216 |
| 082 ## - DEWEY DECIMAL CLASSIFICATION NUMBER | |
| Classification number | 658.3,ROB |
| 100 ## - MAIN ENTRY--PERSONAL NAME | |
| Personal name | ROBBINS,STEPHEN P. |
| 245 ## - TITLE STATEMENT | |
| Title | ORGANIZATIONAL BEHAVIOR |
| 250 ## - EDITION STATEMENT | |
| Edition statement | 13TH |
| 260 ## - PUBLICATION, DISTRIBUTION, ETC. (IMPRINT) | |
| Place of publication, distribution, etc | NEW DELHI |
| Name of publisher, distributor, etc | PEARSON |
| Year of Publication | 2009 |
| 300 ## - PAGE DESCRIPTION | |
| No. of Pages | 782 |
| 650 ## - SUBJECT ADDED ENTRY--TOPICAL TERM | |
| Topical term or geographic name as entry element | MANAGEMENT |
| 653 ## - KEYWORDS--INDEX TERM | |
| Keyword term | WHAT IS ORGANIZATIONAL BEHAVIOR, FOUNDATIONS OF INDIVIDUAL BEHAVIOR, ATTITUDES AND JOB SATISFACTION, PERSONALITY AND VALUES PERCEPTION AND INDIVIDUAL DECISION MAKING, MOTIVATION CONCEPTS,MOTIVATION FROM CONCEPTS TO APPLICATIONS |
| 942 ## - ADDED ENTRY ELEMENTS (KOHA) | |
| Source of classification or shelving scheme | Dewey Decimal Classification |
| Koha item type | FCM Books |
| 942 ## - ADDED ENTRY ELEMENTS (KOHA) | |
| -- | 57 |
| Withdrawn status | Lost status | Source of classification or shelving scheme | Damaged status | Not for loan | Collection code | Home library | Current library | Shelving location | Date acquired | Vendor Name | SGTU | Total Checkouts | Full call number | Accession No. (Barcode) | Date last seen | Date last borrowed | Bill Date | Koha item type | Cost, normal purchase price | Bill Number | Total Renewals |
|---|---|---|---|---|---|---|---|---|---|---|---|---|---|---|---|---|---|---|---|---|---|
| Dewey Decimal Classification | COMMERCE MANAGEMENT | SGT Science & Social Sciences Library | SGT Science & Social Sciences Library | Text Book | 15/06/2016 | GIFT BY DR. DILIP SINGH | SGTU | 17 | 658.3,ROB | CM303 | 09/12/2024 | 06/12/2024 | 15/06/2016 | FCM Books | |||||||
| Dewey Decimal Classification | COMMERCE MANAGEMENT | SGT Science & Social Sciences Library | SGT Science & Social Sciences Library | Text Book | 15/06/2016 | GIFT BY DR. DILIP SINGH | SGTU | 32 | 658.3,ROB | CM304 | 24/05/2024 | 13/05/2024 | 15/06/2016 | FCM Books | |||||||
| Dewey Decimal Classification | COMMERCE MANAGEMENT | SGT Science & Social Sciences Library | SGT Science & Social Sciences Library | Text Book | 12/07/2016 | GIFT BY DR. DILIP SINGH | SGTU | 23 | 658.3,ROB | CM314 | 02/01/2025 | 02/01/2025 | 12/07/2016 | FCM Books | |||||||
| Dewey Decimal Classification | COMMERCE MANAGEMENT | SGT Science & Social Sciences Library | SGT Science & Social Sciences Library | Text Book | 12/07/2016 | GIFT BY DR. DILIP SINGH | SGTU | 29 | 658.3,ROB | CM301 | 12/08/2025 | 27/06/2025 | 12/07/2016 | FCM Books | |||||||
| Dewey Decimal Classification | COMMERCE MANAGEMENT | SGT Science & Social Sciences Library | SGT Science & Social Sciences Library | Text Book | 12/07/2016 | KIRTI PRAKASHAN | SGTU | 35 | 658.3,ROB | CM694 | 07/02/2025 | 13/03/2024 | 16/03/2015 | FCM Books | 825.00 | 2365 | |||||
| Dewey Decimal Classification | COMMERCE MANAGEMENT | SGT Science & Social Sciences Library | SGT Science & Social Sciences Library | Text Book | 12/07/2016 | KIRTI PRAKASHAN | SGTU | 30 | 658.3,ROB | CM695 | 22/09/2025 | 09/09/2025 | 16/03/2015 | FCM Books | 825.00 | 2365 | 1 |